| 000 | 00861nam a22002415a 4500 | ||
|---|---|---|---|
| 003 | OSt | ||
| 005 | 20180118132719.0 | ||
| 008 | 170613s2009 ua frb 000 0 ara d | ||
| 040 |
_aEG-ScBUE _bara _cEG-ScBUE |
||
| 082 | 0 | 4 |
_a320 _bج و ا _222 |
| 100 | 1 | _aجوادي، محمد. | |
| 240 | 1 |
_aDuoi fratelli rivali. _lArabic |
|
| 245 | 1 | 2 |
_aالصراع العربي الإسرائيلي = _bيسبناسينبس : مصر وفلسطين / _cإعداد محمد الجوادي. |
| 250 | _aط. 1، مزيدة ومنقحة. | ||
| 260 |
_a[ د. م. : _bد. ن.، _c200?] _e(الجيزة، مصر : _fمطبعة الهرم) |
||
| 300 |
_aمج. (1-10) ؛ _c24 سم. + _e1 قرص مليزر. |
||
| 650 | 7 | _2BUEsh | |
| 650 | 7 | _2BUEsh | |
| 651 | 7 | _2BUEsh | |
| 653 |
_bBUSBOL _cJune2017 |
||
| 700 | 1 |
_aمحمود، محمد، _eمراجع، _eمترجم. |
|
| 942 | _2ddc | ||
| 999 |
_c24897 _d24869 |
||